[Event "East Detroit (MCO/2)"]
[Site "?"]
[Date "1983.??.??"]
[Round "?"]
[White "Bolda, Dan G"]
[Black "Brown, E.."]
[Result "1-0"]
[WhiteElo "1820"]
[BlackElo "1605"]
[PlyCount "81"]
[EventDate "1983.??.??"]

1. c4 e5 2. Nc3 Nf6 3. g3 Bc5 4. Bg2 O-O 5. Nf3 Ng4 6. Ne4 f5 7. Nxc5 e4 8. Nd4
d6 9. Nce6 Bxe6 10. Nxe6 Qe7 11. Nxf8 Qxf8 12. O-O c5 13. d3 Qe7 14. dxe4 fxe4
15. Qd5+ Kh8 16. Bxe4 Nf6 17. Qxb7 Qxe4 18. Qxe4 Nxe4 19. Bf4 Nc6 20. f3 g5 21.
Bc1 Nf6 22. Bxg5 Nh5 23. Rad1 Rg8 24. f4 Nd4 25. e3 Nc2 26. Kf2 Rg6 27. a3 Re6
28. Rd3 Ng7 29. Rc1 h6 30. Bh4 Nb4 31. axb4 cxb4 32. Rd5 Ne8 33. Ra1 Nc7 34.
Rf5 a6 35. Rf7 Ne8 36. Rxa6 Re4 37. Ra8 Kg8 38. Rb7 Kf8 39. Kf3 Rxc4 40. Re7
Rc2 41. Raxe8# 1-0

[Event "East Detroit (MCO/4)"]
[Site "?"]
[Date "1983.??.??"]
[Round "?"]
[White "Bohley, D.."]
[Black "Turner, George"]
[Result "0-1"]
[WhiteElo "2015"]
[BlackElo "2100"]
[PlyCount "52"]
[EventDate "1983.??.??"]

1. e4 Nf6 2. Nc3 e5 3. g3 Bc5 4. Bg2 O-O 5. Nf3 c6 6. O-O Re8 7. d4 exd4 8.
Nxd4 h6 9. h3 d5 10. exd5 cxd5 11. Nb3 Bb6 12. Bf4 Be6 13. Na4 Nc6 14. Nbc5
Bxc5 15. Nxc5 Qb6 16. Be3 Qxb2 17. Rb1 Qxa2 18. Rxb7 Qc4 19. Re1 Bf5 20. Qa1
Rxe3 21. Rxe3 Qxc5 22. Rc3 Qd4 23. Qa3 Re8 24. Rb1 Re2 25. Qc5 Qxc5 26. Rxc5
Rxc2 0-1

[Event "East Detroit (MCO/1)"]
[Site "?"]
[Date "1983.??.??"]
[Round "?"]
[White "Bohley, D.."]
[Black "Haley, W.."]
[Result "1-0"]
[WhiteElo "2015"]
[BlackElo "1605"]
[PlyCount "97"]
[EventDate "1983.??.??"]

1. e4 g6 2. d4 Bg7 3. Nc3 d6 4. Bg5 h6 5. Be3 e5 6. dxe5 Bxe5 7. Nf3 Bg4 8. Be2
Bxf3 9. Bxf3 Nd7 10. Qd2 Nb6 11. Be2 g5 12. O-O-O Qf6 13. Bd4 Bxd4 14. Qxd4
Qxd4 15. Rxd4 Ne7 16. Re1 Ng6 17. Nb5 Kd8 18. b3 a6 19. Nc3 Re8 20. g3 Re7 21.
Bh5 Ne5 22. f4 Nc6 23. Rdd1 f6 24. Rf1 Kd7 25. Bg4+ Ke8 26. fxg5 fxg5 27. Rf6
Ne5 28. Bh5+ Nf7 29. Rdf1 Rd8 30. Rxf7 Rxf7 31. Rxf7 Rd7 32. Rf6+ Ke7 33. Rxh6
Kf8 34. Rg6 Rg7 35. Rxg7 Kxg7 36. Nd5 Nxd5 37. exd5 c5 38. c4 b5 39. Be2 b4 40.
Kd2 Kf6 41. Ke3 Ke5 42. h4 Kf5 43. hxg5 Kxg5 44. Ke4 Kf6 45. Kf4 a5 46. g4 Kg6
47. Bd3+ Kf6 48. g5+ Kg7 49. Kf5 1-0

[Event "East Detroit (MCO/3)"]
[Site "?"]
[Date "1983.??.??"]
[Round "?"]
[White "Bohley, D.."]
[Black "Foord, Allan"]
[Result "1-0"]
[WhiteElo "2015"]
[BlackElo "1660"]
[PlyCount "53"]
[EventDate "1983.??.??"]

1. e4 c5 2. b3 d6 3. Bb2 e6 4. Nf3 Nf6 5. e5 dxe5 6. Nxe5 a6 7. Bd3 Nbd7 8. f4
Qb6 9. Na3 Be7 10. Nac4 Qc7 11. O-O b5 12. Nxd7 Bxd7 13. Ne5 Rd8 14. Kh1 Bc8
15. Qe2 Bb7 16. Rae1 Qd6 17. f5 exf5 18. Rxf5 O-O 19. Rff1 Rfe8 20. Nxf7 Kxf7
21. Qh5+ Kf8 22. Qxh7 Qc6 23. Be4 Bd6 24. Rxf6+ gxf6 25. Qh8+ Kf7 26. Qxf6+ Kg8
27. Qg7# 1-0

[Event "Ann Arbor (MI Op/2)"]
[Site "?"]
[Date "1983.??.??"]
[Round "?"]
[White "Beydoun, N.."]
[Black "Zumbrunnen, R.."]
[Result "0-1"]
[WhiteElo "1920"]
[BlackElo "2120"]
[PlyCount "78"]
[EventDate "1983.??.??"]

1. e4 c5 2. Nf3 Nf6 3. Nc3 d6 4. d4 cxd4 5. Nxd4 Nc6 6. Bc4 e6 7. Bb3 Be7 8.
Bg5 a6 9. f4 h6 10. Bh4 Na5 11. Qf3 Nxb3 12. axb3 Qc7 13. O-O-O O-O 14. g4 b5
15. f5 b4 16. Na4 Bd7 17. g5 hxg5 18. Bxg5 Rfc8 19. Qg2 e5 20. Bh6 Bf8 21. Bxg7
Bxg7 22. Rhg1 Ne8 23. Nf3 Kf8 24. Qd2 Bxa4 25. bxa4 b3 26. c3 Qc6 27. Rxg7 Nxg7
28. f6 Ne6 29. Ng5 Nf4 30. Rg1 d5 31. Nh7+ Ke8 32. Rg8+ Kd7 33. Rg7 Qxa4 34.
Rxf7+ Kd6 35. Kd1 Rg8 36. Rg7 Rxg7 37. fxg7 Rg8 38. Nf6 Rxg7 39. exd5 Rg1+ 0-1

[Event "Ann Arbor (MI Op/6)"]
[Site "?"]
[Date "1983.??.??"]
[Round "?"]
[White "Beydoun, N.."]
[Black "Kirshner, A.."]
[Result "0-1"]
[WhiteElo "1920"]
[BlackElo "1790"]
[PlyCount "60"]
[EventDate "1983.??.??"]

1. e4 e6 2. d4 d5 3. Nd2 Nf6 4. e5 Nfd7 5. Bd3 c5 6. c3 b6 7. Ne2 Ba6 8. Bc2
Nc6 9. Nf3 Rc8 10. a3 Qc7 11. Be3 cxd4 12. cxd4 Ncxe5 13. Nc3 Nc4 14. Bc1 Be7
15. h4 h6 16. g4 Nd6 17. Bf4 Qb7 18. Ne5 Nxe5 19. Bxe5 Bf6 20. f4 Nc4 21. Qc1
Qe7 22. Ba4+ Kf8 23. h5 Bh4+ 24. Kd1 Nxe5 25. fxe5 Qg5 26. Qxg5 Bxg5 27. Bb3
Be3 28. Ne2 Bxe2+ 29. Kxe2 Bxd4 30. Rac1 Ke7 0-1

[Event "Ann Arbor (MI Op/4)"]
[Site "?"]
[Date "1983.??.??"]
[Round "?"]
[White "Beydoun, N.."]
[Black "Fuller, William"]
[Result "1-0"]
[WhiteElo "1920"]
[BlackElo "1815"]
[PlyCount "93"]
[EventDate "1983.??.??"]

1. e4 c5 2. Nf3 Nc6 3. d4 cxd4 4. Nxd4 Nf6 5. Nc3 e5 6. Ndb5 d6 7. Nd5 Nxd5 8.
exd5 Nb8 9. c4 a6 10. Nc3 Be7 11. Bd3 Nd7 12. O-O O-O 13. Qc2 Nf6 14. f4 exf4
15. Bxf4 Re8 16. Kh1 Bg4 17. Ne4 Nxe4 18. Bxe4 g6 19. h3 Bd7 20. b4 Rc8 21. Be3
Bf8 22. Bd4 Qh4 23. Rae1 f5 24. Bf2 Qd8 25. Bf3 Rxe1 26. Rxe1 Bb5 27. c5 a5 28.
a4 Bd7 29. bxa5 Qxa5 30. c6 bxc6 31. dxc6 d5 32. Rd1 Bxc6 33. Bxd5+ Kh8 34.
Bxc6 Bg7 35. Qd2 Qxd2 36. Rxd2 Bc3 37. Rc2 Rxc6 38. Rxc3 Ra6 39. Rc8+ Kg7 40.
Rc7+ Kh6 41. Ra7 Re6 42. a5 g5 43. Rb7 Re2 44. Bg1 g4 45. hxg4 fxg4 46. a6 g3
47. a7 1-0

[Event "East Detroit (MCO/6)"]
[Site "?"]
[Date "1983.??.??"]
[Round "?"]
[White "Beltramello, R.."]
[Black "Winfield, J.."]
[Result "0-1"]
[WhiteElo "1605"]
[BlackElo "1710"]
[PlyCount "50"]
[EventDate "1983.??.??"]

1. d4 Nf6 2. c4 e6 3. Nf3 b6 4. Nc3 Bb7 5. Bg5 h6 6. Bh4 g5 7. Bg3 Bb4 8. Rc1
Nh5 9. Qc2 d6 10. a3 Bxc3+ 11. Qxc3 Qf6 12. e3 Nd7 13. Be2 Qg7 14. O-O f5 15.
Nd2 g4 16. Rfd1 O-O 17. Nf1 Qg5 18. b4 f4 19. exf4 Nxf4 20. Bxf4 Rxf4 21. Rd3
Raf8 22. Rg3 Rxf2 23. Ne3 Rxe2 24. Rxg4 Qxg4 25. Nxg4 Rxg2+ 0-1

[Event "East Detroit (MCO/4)"]
[Site "?"]
[Date "1983.??.??"]
[Round "?"]
[White "Beltramello, R.."]
[Black "Sedgwick, D.."]
[Result "0-1"]
[WhiteElo "1605"]
[BlackElo "1635"]
[PlyCount "67"]
[EventDate "1983.??.??"]

1. d4 Nf6 2. c4 e6 3. Nf3 b6 4. Nc3 Bb7 5. Qc2 d5 6. cxd5 exd5 7. Bf4 Bd6 8.
Bxd6 Qxd6 9. e3 c5 10. Bb5+ Nbd7 11. Ne5 O-O 12. Nxd7 Nxd7 13. O-O c4 14. e4 a6
15. Bxd7 Qxd7 16. exd5 Bxd5 17. Nxd5 Qxd5 18. Rad1 Rfe8 19. Qc3 Re2 20. Rd2
Rae8 21. Rxe2 Rxe2 22. Re1 Qe4 23. Rd1 Rc2 24. Qe3 Qxe3 25. fxe3 Rxb2 26. d5
Kf8 27. d6 Ke8 28. a3 Kd7 29. Kf1 Rb3 30. e4 Rxa3 31. Kf2 Rd3 32. Rxd3 cxd3 33.
Ke3 Kxd6 34. Kxd3 0-1

[Event "East Detroit (MCO/2)"]
[Site "?"]
[Date "1983.??.??"]
[Round "?"]
[White "Beltramello, R.."]
[Black "Harma, K.."]
[Result "0-1"]
[WhiteElo "1605"]
[BlackElo "1780"]
[PlyCount "72"]
[EventDate "1983.??.??"]

1. d4 f5 2. Nc3 Nf6 3. Nf3 g6 4. g3 Bg7 5. Bg2 O-O 6. Bg5 d6 7. Qd2 Nc6 8. O-O
Ne4 9. Nxe4 fxe4 10. Nh4 Bxd4 11. c3 Bg7 12. Bxe4 Bh3 13. Bg2 Bxg2 14. Nxg2 Qd7
15. Rad1 e5 16. e4 Nd8 17. Be3 Ne6 18. f4 exf4 19. Nxf4 Rae8 20. Qd5 b6 21.
Nxe6 Qxe6 22. Rxf8+ Kxf8 23. Rf1+ Kg8 24. Qxe6+ Rxe6 25. Bd4 Bxd4+ 26. cxd4
Rxe4 27. Rf4 Rxf4 28. gxf4 Kf7 29. Kf2 Ke6 30. Ke3 c5 31. dxc5 bxc5 32. a3 a5
33. h3 d5 34. b3 Kf5 35. a4 d4+ 36. Kf3 h6 0-1

[Event "Ann Arbor (MI Op/4)"]
[Site "?"]
[Date "1983.??.??"]
[Round "?"]
[White "Belegundu, A.."]
[Black "Wygrecki, J.."]
[Result "1-0"]
[WhiteElo "1640"]
[BlackElo "2020"]
[PlyCount "59"]
[EventDate "1983.??.??"]

1. e4 c5 2. Nf3 e6 3. d4 cxd4 4. Nxd4 Nf6 5. e5 Nd5 6. c4 Nb6 7. Nb5 Bb4+ 8.
Bd2 Bxd2+ 9. Qxd2 O-O 10. N1c3 a6 11. Nd6 Nc6 12. c5 Nd5 13. Nxd5 exd5 14. Be2
d4 15. O-O b6 16. Rac1 Rb8 17. Nf5 Bb7 18. cxb6 Nxe5 19. Qxd4 Qg5 20. Ng3 Qf6
21. Kh1 d5 22. Nh5 Qe6 23. f4 f6 24. fxe5 fxe5 25. Qg4 Rxf1+ 26. Rxf1 Qe7 27.
Rc1 g6 28. Rc2 Qd6 29. Qg5 d4 30. Qh6 1-0

[Event "Ann Arbor (MI Op/5)"]
[Site "?"]
[Date "1983.??.??"]
[Round "?"]
[White "Belegundu, A.."]
[Black "Szczypka, Tom"]
[Result "0-1"]
[WhiteElo "1640"]
[BlackElo "1855"]
[PlyCount "74"]
[EventDate "1983.??.??"]

1. e4 c5 2. Nf3 g6 3. d4 Bg7 4. Be2 Nc6 5. c3 cxd4 6. cxd4 Qb6 7. e5 f6 8. Nc3
e6 9. O-O fxe5 10. d5 Nd4 11. dxe6 Nxe6 12. Nb5 Ne7 13. Nd6+ Kf8 14. Bc4 Nf5
15. Nxf5 gxf5 16. Nh4 Qd4 17. Bxe6 Qxd1 18. Rxd1 dxe6 19. Be3 e4 20. Bd4 e5 21.
Bc5+ Kf7 22. g3 b6 23. Bb4 Be6 24. Rac1 Rac8 25. b3 Rxc1 26. Rxc1 Rc8 27. Rxc8
Bxc8 28. Kf1 Ke6 29. Ke2 Kd5 30. Ng2 Ba6+ 31. Kd2 Bh6+ 32. Ne3+ Ke6 33. a4 f4
34. Ng4 fxg3+ 35. Nxh6 gxh2 36. Ng4 h1=Q 37. Ne3 Qf3 0-1

[Event "Ann Arbor (MI Op/2)"]
[Site "?"]
[Date "1983.??.??"]
[Round "?"]
[White "Belegundu, A.."]
[Black "Pegeron, J.."]
[Result "0-1"]
[WhiteElo "1640"]
[BlackElo "1935"]
[PlyCount "46"]
[EventDate "1983.??.??"]

1. e4 c5 2. Nf3 Nc6 3. d4 cxd4 4. Nxd4 g6 5. c4 Nf6 6. Nc3 Nxd4 7. Qxd4 Bg7 8.
e5 Ng8 9. Bf4 d6 10. Rd1 Qa5 11. Qd5 Qb4 12. exd6 Bd7 13. Be5 Nf6 14. Qd4 O-O
15. a3 Qxb2 16. dxe7 Rfe8 17. Bxf6 Rxe7+ 18. Be2 Bxf6 19. Qxf6 Rxe2+ 20. Kf1
Rd2 21. Qf3 Rxd1+ 22. Nxd1 Qc1 23. Qb3 Be6 0-1

[Event "Ann Arbor (MI Op/3)"]
[Site "?"]
[Date "1983.??.??"]
[Round "?"]
[White "Bee, A.."]
[Black "Thomas, Carlton"]
[Result "0-1"]
[WhiteElo "1945"]
[BlackElo "2010"]
[PlyCount "54"]
[EventDate "1983.??.??"]

1. c4 e5 2. Nc3 Nf6 3. d3 Be7 4. g3 d5 5. cxd5 Nxd5 6. Bg2 Be6 7. Nf3 Nc6 8.
O-O O-O 9. Ne4 Qc8 10. Neg5 Bg4 11. Nxe5 Nxe5 12. Bxd5 h6 13. Ne4 Bh3 14. Re1
c6 15. Bb3 Qf5 16. Bf4 Ng6 17. Be3 Rfd8 18. f3 Bb4 19. Bd2 Bxd2 20. Qxd2 Rd7
21. Rac1 Re8 22. Nf2 Qh5 23. Rc4 Rde7 24. d4 Qxf3 25. Nxh3 Rxe2 26. Rxe2 Rxe2
27. Qxe2 Qxe2 0-1

[Event "Ann Arbor (MI Op/2)"]
[Site "?"]
[Date "1983.??.??"]
[Round "?"]
[White "Bee, A.."]
[Black "Riopelle, J.."]
[Result "1/2-1/2"]
[WhiteElo "1945"]
[BlackElo "1685"]
[PlyCount "82"]
[EventDate "1983.??.??"]

1. c4 Nf6 2. Nc3 g6 3. e3 Bg7 4. d4 b6 5. Nf3 Bb7 6. Bd3 O-O 7. O-O d6 8. Re1
Nbd7 9. Qc2 Bxf3 10. gxf3 e5 11. Kh1 Nh5 12. Be4 Rb8 13. Nb5 a6 14. Na7 Qh4 15.
Rg1 exd4 16. exd4 Bxd4 17. Nc6 Be5 18. Nxe5 Nxe5 19. Bg5 Qh3 20. Qe2 Qd7 21. f4
Nc6 22. Bh6 Rfe8 23. Bxg6 fxg6 24. Qxh5 Ne7 25. Qf3 Nf5 26. Bg5 Re6 27. Rae1
Rbe8 28. Rxe6 Qxe6 29. Qd5 Qxd5+ 30. cxd5 Re2 31. Rc1 Rxf2 32. Rxc7 Nd4 33.
Rc8+ Kf7 34. Rc7+ Kg8 35. Rc8+ Kf7 36. Rc7+ Ke8 37. Re7+ Kf8 38. Rxh7 Nf3 39.
Bf6 Kg8 40. Rh8+ Kf7 41. Bc3 b5 1/2-1/2

[Event "East Detroit (MCO/1)"]
[Site "?"]
[Date "1983.??.??"]
[Round "?"]
[White "Becker, A.."]
[Black "Hagerty, M.."]
[Result "1-0"]
[WhiteElo "1650"]
[BlackElo "1605"]
[PlyCount "65"]
[EventDate "1983.??.??"]

1. d4 d5 2. c4 e6 3. Nc3 Nf6 4. Bg5 Be7 5. e3 O-O 6. Bd3 Nbd7 7. Nf3 h6 8. Bh4
Nb6 9. b3 c5 10. O-O Nbd7 11. Bg3 Nh5 12. cxd5 Nxg3 13. hxg3 Nf6 14. dxe6 Bxe6
15. Bc2 Qc8 16. d5 Bh3 17. gxh3 Qxh3 18. Nh2 Bd6 19. Ne4 Nxe4 20. Bxe4 Rae8 21.
Bg2 Qf5 22. Qe2 Be5 23. Rad1 Bd6 24. e4 Qg6 25. f4 Qxg3 26. e5 Bxe5 27. fxe5
Rxe5 28. Qf3 Qh4 29. d6 Rfe8 30. d7 Qd8 31. Qxf7+ Kh7 32. dxe8=Q Rxe8 33. Rxd8
1-0

[Event "East Detroit (MCO/4)"]
[Site "?"]
[Date "1983.??.??"]
[Round "?"]
[White "Becker, A.."]
[Black "Brown, E.."]
[Result "1-0"]
[WhiteElo "1650"]
[BlackElo "1605"]
[PlyCount "96"]
[EventDate "1983.??.??"]

1. d4 d5 2. c4 Nf6 3. Nc3 e6 4. e3 Bb4 5. Bd2 O-O 6. Bd3 b6 7. Nge2 Ba6 8. b3
dxc4 9. bxc4 Bb7 10. O-O c5 11. Qc2 Nc6 12. a3 Ba5 13. Rab1 cxd4 14. exd4 Nxd4
15. Nxd4 Qxd4 16. Nb5 Qd7 17. Bxa5 Qc6 18. f3 bxa5 19. Rbd1 a6 20. Nd6 Qc5+ 21.
Kh1 Kh8 22. Nxb7 Qc7 23. Nd6 Qxd6 24. Bxh7 Qxa3 25. Bd3 Rab8 26. Ra1 Qb2 27.
Qxb2 Rxb2 28. Rxa5 Rd8 29. Bb1 Rdb8 30. Ba2 R8b6 31. Kg1 Rd6 32. Kh1 Rdd2 33.
Ra1 Rxg2 34. Bb3 Rxh2+ 35. Kg1 Rhg2+ 36. Kh1 Rh2+ 37. Kg1 Rh3 38. Bd1 Nh5 39.
R5a2 Rb4 40. Kg2 Nf4+ 41. Kg1 Rxc4 42. Ra4 Rxa4 43. Rxa4 e5 44. Rxa6 g5 45. Bc2
Rxf3 46. Ra7 Kg7 47. Ra5 f6 48. Ra7+ Kh6 1-0

[Event "Ann Arbor (MI Op/3)"]
[Site "?"]
[Date "1983.??.??"]
[Round "?"]
[White "Bautista, L.."]
[Black "Sheridan, Gregory"]
[Result "1-0"]
[WhiteElo "1830"]
[BlackElo "1950"]
[PlyCount "71"]
[EventDate "1983.??.??"]

1. c4 d5 2. d4 e6 3. Nc3 Nf6 4. Bg5 Nbd7 5. e3 c6 6. Nf3 Qa5 7. cxd5 exd5 8.
Bd3 Ne4 9. Qb3 Nxg5 10. Nxg5 h6 11. Nf3 Bd6 12. O-O O-O 13. Nh4 Qd8 14. Nf5 Nf6
15. Qd1 g6 16. Nxd6 Qxd6 17. Ne2 h5 18. Nf4 h4 19. Be2 Kg7 20. h3 Rh8 21. Nd3
Ne4 22. Bg4 f5 23. Bf3 g5 24. Bxe4 dxe4 25. Ne5 Be6 26. f4 exf3 27. Rxf3 g4 28.
hxg4 fxg4 29. Rf4 h3 30. gxh3 gxh3 31. Kh2 Rh6 32. Qf3 Rg8 33. Rg1+ Kh8 34.
Rxg8+ Kxg8 35. Qg3+ Kh8 36. Rf7 1-0

[Event "Ann Arbor (MI Op/5)"]
[Site "?"]
[Date "1983.??.??"]
[Round "?"]
[White "Bautista, L.."]
[Black "Proszkow, T.."]
[Result "1-0"]
[WhiteElo "1830"]
[BlackElo "1680"]
[PlyCount "91"]
[EventDate "1983.??.??"]

1. c4 Nf6 2. Nc3 g6 3. e4 Nc6 4. d4 e5 5. d5 Nd4 6. Nf3 Nxf3+ 7. Qxf3 Bg7 8.
Bd3 d6 9. Qd1 Nh5 10. g4 Nf4 11. h3 Ng2+ 12. Kf1 Nf4 13. Qf3 g5 14. Ne2 h5 15.
Nxf4 hxg4 16. hxg4 Rxh1+ 17. Qxh1 gxf4 18. Bd2 Bxg4 19. f3 Bd7 20. Kf2 Qf6 21.
Rg1 O-O-O 22. Qh7 Bf8 23. Ke2 Qh6 24. Qg8 Be7 25. Qg2 Bh3 26. Qh1 Rh8 27. Kd1
Qf8 28. Qh2 Bf1 29. Qxh8 Qxh8 30. Bxf1 Qh7 31. Ke2 c6 32. Bg2 f5 33. Rh1 Qg7
34. Bh3 Kc7 35. Bb4 Bf6 36. b3 Kb6 37. dxc6 bxc6 38. Kf2 d5 39. exf5 dxc4 40.
Rg1 Qf7 41. Rf1 Qd7 42. Bg4 Be7 43. f6 Qxg4 44. fxg4 Bxb4 45. g5 Bd2 46. Rd1
1-0

[Event "East Detroit (MCO/5)"]
[Site "?"]
[Date "1983.??.??"]
[Round "?"]
[White "Bautista, L.."]
[Black "Frohman, T.."]
[Result "1-0"]
[WhiteElo "1830"]
[BlackElo "1650"]
[PlyCount "81"]
[EventDate "1983.??.??"]

1. c4 c5 2. Nf3 Nc6 3. d4 cxd4 4. Nxd4 g6 5. e4 Bg7 6. Nxc6 bxc6 7. Nc3 Rb8 8.
Qc2 d6 9. Be3 c5 10. Rb1 Qa5 11. Bd2 Bd7 12. Bd3 Nf6 13. a3 Qa6 14. O-O O-O 15.
Rfe1 Ng4 16. Nd5 e6 17. Ne3 Ne5 18. Bc3 Ba4 19. Qe2 Bh6 20. Ng4 Nxg4 21. Qxg4
e5 22. b4 Bg7 23. Qe2 f5 24. b5 Qb6 25. Bc2 Bxc2 26. Qxc2 f4 27. f3 Qd8 28. Qd2
Rf7 29. Red1 Bf8 30. Bxe5 Qg5 31. Bc3 h5 32. Qd5 Qh4 33. Qe6 Rbb7 34. Qxg6+ Bg7
35. Rxd6 Kf8 36. Bxg7+ Rxg7 37. Qf6+ Qxf6 38. Rxf6+ Kg8 39. Rd1 Rb8 40. Rxf4
Kh7 41. Rd5 1-0

[Event "East Detroit (MCO/3)"]
[Site "?"]
[Date "1983.??.??"]
[Round "?"]
[White "Bautista, L.."]
[Black "DeJongh, John"]
[Result "1-0"]
[WhiteElo "1830"]
[BlackElo "1605"]
[PlyCount "45"]
[EventDate "1983.??.??"]

1. c4 c5 2. Nf3 Nc6 3. d4 cxd4 4. Nxd4 Nf6 5. Nc3 e6 6. e4 Bb4 7. Nxc6 Bxc3+ 8.
bxc3 bxc6 9. Qc2 e5 10. Ba3 Ba6 11. Be2 Rc8 12. Qa4 Qb6 13. c5 Bb5 14. cxb6
Bxa4 15. b7 Rb8 16. Ba6 Nxe4 17. f3 d6 18. fxe4 c5 19. Kd2 Bc6 20. Ke3 O-O 21.
Rab1 f6 22. Rhd1 Rfd8 23. Bxc5 1-0

[Event "Ann Arbor (MI Op/2)"]
[Site "?"]
[Date "1983.??.??"]
[Round "?"]
[White "Bautista, L.."]
[Black "Dangremond, Leonard"]
[Result "1/2-1/2"]
[WhiteElo "1830"]
[BlackElo "1945"]
[PlyCount "72"]
[EventDate "1983.??.??"]

1. c4 Nf6 2. Nc3 c6 3. d4 d5 4. Bg5 e6 5. e3 Nbd7 6. Nf3 Qa5 7. cxd5 Nxd5 8.
Qb3 N7f6 9. Bd3 Nb4 10. Bb1 Bd6 11. O-O Ng4 12. Ne4 Bb8 13. h3 h6 14. Bh4 h5
15. Bg3 Bxg3 16. Nxg3 Nf6 17. a3 Nbd5 18. Ne4 Nxe4 19. Bxe4 Qd8 20. Rfe1 g5 21.
Bxd5 cxd5 22. Ne5 b6 23. Qb5+ Bd7 24. Qxd7+ Qxd7 25. Nxd7 Kxd7 26. Rec1 Rhc8
27. Kf1 Rc4 28. b3 Rxc1+ 29. Rxc1 Rc8 30. Rxc8 Kxc8 31. Ke2 Kd7 32. Kd3 f5 33.
a4 Ke7 34. Kc3 a5 35. Kd3 h4 36. f4 gxf4 1/2-1/2

[Event "East Detroit (MCO/1)"]
[Site "?"]
[Date "1983.??.??"]
[Round "?"]
[White "Bautista, L.."]
[Black "Charison, M.."]
[Result "1-0"]
[WhiteElo "1830"]
[BlackElo "1605"]
[PlyCount "73"]
[EventDate "1983.??.??"]

1. c4 e5 2. Nc3 f5 3. g3 Nf6 4. Bg2 Bc5 5. a3 a6 6. b4 Ba7 7. Bb2 d6 8. e3 c6
9. d4 exd4 10. exd4 O-O 11. Nge2 Nbd7 12. O-O Nb6 13. d5 Nxc4 14. dxc6 Rb8 15.
Bd5+ Kh8 16. Bxc4 bxc6 17. Rb1 d5 18. Ba2 Be6 19. Na4 Qe8 20. Bxf6 Rxf6 21. Nd4
Bd7 22. Re1 Qg6 23. Nf3 Qh6 24. Nc5 Bxc5 25. bxc5 Rd8 26. Re7 Be8 27. Rbb7 Rg6
28. Qe2 Qc1+ 29. Kg2 Bf7 30. Rxf7 Qxc5 31. Rbe7 h6 32. Re8+ Rxe8 33. Qxe8+ Kh7
34. Rf8 Qxf8 35. Qxf8 f4 36. Bb1 fxg3 37. Qf5 1-0

[Event "East Detroit (MCO/3)"]
[Site "?"]
[Date "1983.??.??"]
[Round "?"]
[White "Barnes, O.."]
[Black "Wright, Walter"]
[Result "0-1"]
[WhiteElo "1605"]
[BlackElo "1605"]
[PlyCount "58"]
[EventDate "1983.??.??"]

1. e4 c5 2. Nf3 Nc6 3. Bc4 e6 4. d3 d5 5. Bb5 Bd7 6. O-O a6 7. Ba4 b5 8. Bg5
Be7 9. Bb3 c4 10. dxc4 dxc4 11. Nc3 cxb3 12. axb3 Bxg5 13. Nxg5 Qxg5 14. Nxb5
Qxb5 15. c4 Qe5 16. Qd2 Nf6 17. Rfe1 O-O 18. f4 Qd4+ 19. Qf2 Qxf2+ 20. Kxf2 Nb4
21. Ra5 Nd3+ 22. Kf1 Nxe1 23. Kxe1 Nxe4 24. b4 Rfd8 25. c5 Bb5 26. Ra2 Rd2 27.
g4 Rad8 28. Ra1 Rxh2 29. Ra4 Rh1# 0-1

[Event "East Detroit (MCO/6)"]
[Site "?"]
[Date "1983.??.??"]
[Round "?"]
[White "Barnes, O.."]
[Black "Short, T.."]
[Result "1/2-1/2"]
[WhiteElo "1605"]
[BlackElo "1605"]
[PlyCount "75"]
[EventDate "1983.??.??"]

1. d4 d5 2. e3 Nf6 3. f4 e6 4. c3 Be7 5. Nf3 O-O 6. Bd3 h6 7. O-O Nc6 8. Na3 a6
9. Qc2 Bd6 10. Bd2 b5 11. h4 Ne7 12. Be1 g6 13. Bg3 Nf5 14. Qf2 Ng4 15. Qe1 h5
16. Nc2 c5 17. e4 Ne7 18. e5 c4 19. Be2 Bc7 20. Qd2 Nf5 21. b4 Nxg3 22. a4 Nxf1
23. Rxf1 bxa4 24. Ng5 Bd7 25. g3 f6 26. exf6 Nxf6 27. Ne3 Ne4 28. Qc2 Kg7 29.
Nxe4 dxe4 30. Qxe4 Qf6 31. Nxc4 Qf5 32. Qg2 a3 33. Ne3 Qf6 34. g4 Qxh4 35. f5
exf5 36. gxf5 Rfe8 37. Qxg6+ Kh8 38. Qh6+ 1/2-1/2

[Event "East Detroit (MCO/1)"]
[Site "?"]
[Date "1983.??.??"]
[Round "?"]
[White "Barnes, O.."]
[Black "Decker, Dale"]
[Result "0-1"]
[WhiteElo "1605"]
[BlackElo "1815"]
[PlyCount "60"]
[EventDate "1983.??.??"]

1. d4 Nf6 2. e3 g6 3. f4 Bg7 4. c3 d5 5. Bd3 Nbd7 6. Nf3 c5 7. O-O O-O 8. Nbd2
c4 9. Bc2 b5 10. b4 cxb3 11. Nxb3 Nb6 12. Bd2 Nc4 13. Ng5 Bg4 14. Rf3 h6 15. h3
Bxf3 16. Qxf3 hxg5 17. fxg5 Nh7 18. Be1 Nxg5 19. Qf4 e5 20. dxe5 Bxe5 21. Qf1
Nxe3 22. Qf2 Nxc2 23. Qxc2 Qc7 24. h4 Ne4 25. Rd1 Rad8 26. Qd3 Nxc3 27. Bxc3
Qxc3 28. Qxb5 Qe3+ 29. Kf1 Bg3 30. Qa5 Qf2# 0-1

[Event "East Detroit (MCO/6)"]
[Site "?"]
[Date "1983.??.??"]
[Round "?"]
[White "Banish, K.."]
[Black "Thompson, E.."]
[Result "1-0"]
[WhiteElo "1605"]
[BlackElo "1835"]
[PlyCount "51"]
[EventDate "1983.??.??"]

1. c4 Nf6 2. Nc3 g6 3. d4 Bg7 4. e4 d6 5. f3 O-O 6. Be3 Nbd7 7. Bd3 e5 8. d5 a6
9. Nge2 Rb8 10. Ba7 Ra8 11. Be3 Qe7 12. Qd2 Nc5 13. Bc2 Qe8 14. b4 Ncd7 15. h4
Nb6 16. Bb3 Bd7 17. h5 Nxh5 18. g4 Nf4 19. Nxf4 exf4 20. Bxf4 Bxg4 21. Bh6 Bh5
22. Bxg7 Kxg7 23. Rxh5 gxh5 24. Qg5+ Kh8 25. Qf6+ Kg8 26. O-O-O 1-0

[Event "East Detroit (MCO/1)"]
[Site "?"]
[Date "1983.??.??"]
[Round "?"]
[White "Banish, K.."]
[Black "Pope, T.."]
[Result "1/2-1/2"]
[WhiteElo "1605"]
[BlackElo "1620"]
[PlyCount "89"]
[EventDate "1983.??.??"]

1. c4 c5 2. Nc3 Nc6 3. g3 g6 4. Bg2 Bg7 5. e4 Nf6 6. d3 O-O 7. Nge2 e5 8. O-O
d6 9. Bg5 Be6 10. Qd2 Nd4 11. Nxd4 cxd4 12. Nd5 Bxd5 13. cxd5 Qd7 14. f4 Ng4
15. fxe5 Nxe5 16. Qe2 Rac8 17. Rac1 Rxc1 18. Rxc1 Rc8 19. Rxc8+ Qxc8 20. Bf4 f6
21. Bxe5 fxe5 22. Bf3 Qc1+ 23. Kg2 Bh6 24. Bg4 Qd2 25. Qxd2 Bxd2 26. Be6+ Kf8
27. Kf3 Ke7 28. Ke2 Be3 29. h3 h6 30. Kf3 Kd8 31. Ke2 Kc7 32. Kd1 Kb6 33. Kc2
Kc5 34. Bf7 g5 35. g4 a5 36. a4 b5 37. axb5 Kxb5 38. Be8+ Kb4 39. Bc6 a4 40.
Bd7 Bf2 41. Bc6 Be1 42. Bd7 Bf2 43. Bc6 a3 44. bxa3+ Kxa3 45. Bd7 1/2-1/2

[Event "East Detroit (MCO/5)"]
[Site "?"]
[Date "1983.??.??"]
[Round "?"]
[White "Banish, K.."]
[Black "Martens, D.."]
[Result "1-0"]
[WhiteElo "1605"]
[BlackElo "1765"]
[PlyCount "97"]
[EventDate "1983.??.??"]

1. d4 f5 2. c4 Nf6 3. Nc3 e6 4. Bg5 Be7 5. Nf3 O-O 6. e3 b6 7. Be2 Bb7 8. a3
Nc6 9. Qc2 d5 10. cxd5 Nxd5 11. Bxe7 Ncxe7 12. O-O Ng6 13. Rac1 Nh4 14. Nxd5
Nxf3+ 15. Bxf3 Bxd5 16. Qxc7 Qg5 17. Bxd5 exd5 18. Qe5 Rad8 19. Rc7 Rfe8 20.
Qg3 Qxg3 21. hxg3 a5 22. Rfc1 Kf8 23. Kf1 Re7 24. Ke2 Kf7 25. Kd3 Ke6 26. R1c6+
Rd6 27. Rxd6+ Kxd6 28. Rxe7 Kxe7 29. a4 h5 30. Kc3 Kf6 31. Kd3 g5 32. Ke2 Ke6
33. f3 Kd6 34. Kd3 Ke6 35. e4 dxe4+ 36. fxe4 fxe4+ 37. Kxe4 g4 38. d5+ Kd6 39.
Kd4 Kd7 40. Ke5 Ke7 41. d6+ Kd7 42. Kd5 Kd8 43. Kc6 Kc8 44. d7+ Kd8 45. Kxb6
Kxd7 46. Kxa5 Kc6 47. Kb4 Kd5 48. a5 h4 49. gxh4 1-0

[Event "Ann Arbor (MI Op/2)"]
[Site "?"]
[Date "1983.??.??"]
[Round "?"]
[White "Ballard, D.."]
[Black "Youssef, I.."]
[Result "1/2-1/2"]
[WhiteElo "1875"]
[BlackElo "2025"]
[PlyCount "100"]
[EventDate "1983.??.??"]

1. Nf3 d5 2. d4 Nf6 3. c4 c6 4. Nc3 e6 5. e3 Bd6 6. Bd3 O-O 7. O-O Nbd7 8. Qc2
h6 9. e4 dxe4 10. Nxe4 Nxe4 11. Bxe4 e5 12. c5 Bc7 13. Rd1 Qe7 14. Be3 Nf6 15.
dxe5 Bxe5 16. Nxe5 Qxe5 17. Bf3 Ng4 18. Bxg4 Bxg4 19. Rd4 Bf5 20. Qc3 Rfe8 21.
b4 Be4 22. Qd2 Qe6 23. h3 Qg6 24. g4 Qf6 25. f4 Rad8 26. Re1 Bd5 27. a3 Rd7 28.
Bf2 Rde7 29. Rxe7 Qxe7 30. Qd3 Qe6 31. Kh2 g6 32. Kg3 f5 33. Qd2 Re7 34. Rd3
Qe4 35. Bd4 Qh1 36. Qh2 Qf1 37. Rd2 Qf3+ 38. Kh4 g5+ 39. fxg5 hxg5+ 40. Kxg5
Qe4 41. Qf4 Qxf4+ 42. Kxf4 fxg4 43. Kxg4 Be6+ 44. Kg3 Rd7 45. h4 Rd5 46. Be3
Rxd2 47. Bxd2 b6 48. cxb6 axb6 49. Be3 b5 50. h5 Bd5 1/2-1/2